000 00502nam a22001817a 4500
003 UA-OsUOA
001 10699
007 ta
008 20050130b un ||||| |||| 00| 0 ukr d
100 _aВороніна Л.
942 _cSA
040 _aUA-OsUOA
_cUA-OsUOA
_dUA-OsUOA
245 _aПригоди голубої папуги:Оповідання
300 _aС.69-72
955 _a0
773 0 _w0
_tДивослово
_dКиїв
_d2005
_g№1
650 7 _aХудожня література
_2UDC
999 _c296860
_d296860